| 000 | 00509nam a2200193Ia 4500 | ||
|---|---|---|---|
| 008 | 131103s9999 xx 000 0 und d | ||
| 040 | _aLoreto College | ||
| 041 | _aEnglish | ||
| 082 |
_a954/NEH _bLCBED/4305 |
||
| 100 | _aNehru, Jawaharlal | ||
| 245 | 4 |
_aThe discovery of India _cJawaharlal Nehru |
|
| 260 |
_aCalcutta _bThe Signet _c1946 |
||
| 300 |
_axiii,711p. _c 22cm. |
||
| 504 | _aIncludes index | ||
| 650 | _aHistory-India | ||
| 651 | _aIndia-History | ||
| 850 | _aLCBED/954/NEH | ||
| 942 | _cBK | ||
| 999 |
_c28961 _d79440 |
||